00274pab a2200121 454500008004000000100001800040245002600058260000900084300001100093362001100104650002200115773001500137180718b2006 xxu||||| |||| 00| 0 eng d aKripa Shankar aRural-urban disparity c2006 ap.7-9. a30 Sep aRural development aMainstream